00513nam a2200181 u 450000100100000000500170001000800410002702000150006804100080008310000340009124500550012525000120018026000330019230000120022565000300023765100320026765000320029900005590720200120223200.0130611s1999 ck er 000 0 spa d a95892281510 aspa1 aLozano Moreno, Gustavo Adolfo10aAmor, piel y miel /cGustavo Adolfo Lozano Moreno. a2a. ed. aBogotá :bCódice,c1999. a[25] p.14aPoesía colombiana2LEMB24aLiteratura colombiana2LEMB24aFantasía en la literatura